000 00852nas a2200277 4500
001 BR2016004885
003 BR-BrBNA
005 20231205130757.0
007 ta
008 230509b bl.|||p| |||| 00| 00por d
040 _aBR-BrBNA
_bpor
_cBiblioteca Nacional de Agricultura
041 _a(En)
072 _aM12; M40
100 1 _aHoffmiyer, M.S.
100 1 _aBiancalana, F.
100 1 _aBerasategui, A.
245 1 _aImpact of a power plant cooling system on copepod and meroplankton survival (Bahía Blanca estuary, Argentina)
650 _aCRUSTÁCEO
650 _aLARVA
650 _aESTUÁRIO
650 _aIMPACTO AMBIENTAL
650 _aHIDRELÉTRICA
773 0 _tIheringia - Série Zoologia (Brazil)
_xISSN 0073-4721
_g, v. 95(3) p. 311-318
_wBR2016004885
909 _a202311
_bLúcia
_c55
_dLúcia Elande
942 _2AGRIS
_n0
_cANA
999 _c251163
_d251163